Theory and applications of finite groups

Saved in:
Bibliographic Details
Main Author: Miller, G. A. (George Abram), 1863-1951
Other Authors: Blichfeldt, Hans Frederik 1873-, Dickson, Leonard E. (Leonard Eugene), 1874-1957
Format: Book
Language:English
Published: New York : Dover Publications, 1961
Subjects:
Tags: Add Tag
No Tags, Be the first to tag this record!

MARC

LEADER 00000cam a2200000 i 4500
001 1/8980
008 100706s1961 eng d
035 |l 10108461 
040 |a GR-MY-UA  |b gre  |e aacr 
041 0 |a eng 
082 0 |a 512.2  |2 (22) 
100 1 |a Miller, G. A.   |q (George Abram),   |d 1863-1951. 
245 1 0 |a Theory and applications of finite groups /  |c by G. a. Miller, H. F. Blichfeldt, L. E. Dickson 
260 |a New York :   |b Dover Publications,   |c 1961 
300 |a xvii, 390 σ.;  |c 20 εκ. 
504 |a Περιέχει ευρετήριο 
650 0 0 |a Finite groups. 
700 1 |a Blichfeldt, Hans Frederik  |d 1873- 
700 1 |a Dickson, Leonard E.   |q (Leonard Eugene),   |d 1874-1957. 
852 |a INST  |b SAMOS  |c MAG  |e 20100706  |h 512.2 MIL  |p 005300031560  |q 005300031560  |t BK  |y 0 
901 |a BIBL3-2010-2 
909 |a Σ  |b 162631 
970 |a ΣΙΤΖΙΜΗ  |b ΓΙΑΣΕΜΗ  |z 2010/07/06